| 000 | 00467nam a2200181Ia 4500 | ||
|---|---|---|---|
| 008 | 230711s9999||||xx |||||||||||||| ||und|| | ||
| 020 | _a978-93-325-4821-3 | ||
| 041 | _aENG | ||
| 082 |
_a658.4 _bKR-O |
||
| 100 | _aKrajewski,Lee J | ||
| 245 | 0 |
_aOperations management _bProcess and supply chains |
|
| 250 | _a11th Ed. | ||
| 260 |
_c2010 _aNew Delhi _bPearson |
||
| 300 | _a655p. | ||
| 650 | _aUNIVESITY BUSNIESS SCHOOL | ||
| 700 | _aMalhotra,Manoj K | ||
| 942 | _cBK | ||
| 999 |
_c5919 _d5919 |
||